[Event "Titled Tuesday intern op 02nd Apr Early"]
[Site "Chess.com INT"]
[Date "2024.04.02"]
[Round "7"]
[White "Amador Garcia, Ismael"]
[Black "Dmitrenko, Viktor"]
[Result "1-0"]
[WhiteElo "2233"]
[BlackElo "2395"]
[PlyCount "51"]
[EventDate "2024.04.02"]
[EventType "swiss (blitz)"]
[EventRounds "11"]
[EventCountry "USA"]
[SourceTitle "CB15_2024"]
[SourceDate "2024.04.10"]
[SourceVersion "1"]
[SourceVersionDate "2024.04.10"]
[SourceQuality "1"]

1. e4 c5 2. Nf3 e6 3. Nc3 Nc6 4. Be2 d5 5. exd5 exd5 6. d4 cxd4 7. Nxd4 Nf6 8. 0-0 Be7 9. Be3 0-0 10. Bf3 Re8 11. Re1 a6 12. h3 Ne5 13. Be2 Bd6 14. Bg5 Be6 15. Nxe6 fxe6 16. Qd4 h6 17. Be3 Nc6 18. Qh4 e5 19. Rad1 d4 20. Bxh6 gxh6 21. Qxh6 b5 22. Bf3 Ra7 23. Nd5 Rf8 24. Nxf6+ Qxf6 25. Bd5+ Rff7 26. Qxf6 1-0

[Event "Titled Tuesday intern op 02nd Apr Late"]
[Site "Chess.com INT"]
[Date "2024.04.02"]
[Round "3"]
[White "Bellahcene, Bilel"]
[Black "Dmitrenko, Viktor"]
[Result "1-0"]
[WhiteElo "2519"]
[BlackElo "2395"]
[PlyCount "121"]
[EventDate "2024.04.02"]
[EventType "swiss (blitz)"]
[EventRounds "11"]
[EventCountry "USA"]
[SourceTitle "CB15_2024"]
[SourceDate "2024.04.10"]
[SourceVersion "1"]
[SourceVersionDate "2024.04.10"]
[SourceQuality "1"]

1. e4 e6 2. d4 d5 3. e5 c5 4. c3 Nc6 5. g3 Bd7 6. Ne2 Rc8 7. Bh3 Qb6 8. 0-0 Qa6 9. Be3 cxd4 10. cxd4 Nb4 11. Nbc3 Qd3 12. Rc1 Qxd1 13. Rfxd1 a6 14. a3 Nc6 15. Na4 Nge7 16. Nb6 Rb8 17. Nc3 Nc8 18. Nxd7 Kxd7 19. Nxd5 Be7 20. Nf4 Ke8 21. d5 exd5 22. Nxd5 Bd8 23. e6 fxe6 24. Bxe6 N8e7 25. Bf4 Ra8 26. Re1 Kf8 27. Bd6 h5 28. Rc4 Rh6 29. Rf4+ Ke8 30. Rfe4 Rxe6 31. Rxe6 Kd7 32. Nxe7 Nd4 33. R6e3 Nc2 34. Bb4 Nxe3 35. Rxe3 a5 36. Nd5 axb4 37. Nxb4 Bb6 38. Rd3+ Ke6 39. Kg2 Rd8 40. Rxd8 Bxd8 41. f4 Bf6 42. Kf3 Bxb2 43. a4 Bc3 44. Na2 Bd2 45. Ke4 g6 46. Kd3 Ba5 47. Nc3 Bb6 48. Ke4 Bg1 49. Ne2 Bxh2 50. Kf3 h4 51. gxh4 Kf5 52. Ng3+ Bxg3 53. Kxg3 b6 54. Kf3 Kf6 55. Kg4 Ke6 56. Kg5 Kf7 57. f5 gxf5 58. Kxf5 Kg7 59. Ke5 Kh6 60. Kd5 Kh5 61. Kc6 1-0

[Event "Titled Tuesday intern op 02nd Apr Early"]
[Site "Chess.com INT"]
[Date "2024.04.02"]
[Round "8"]
[White "Dmitrenko, Viktor"]
[Black "Demina, Marya"]
[Result "1-0"]
[WhiteElo "2395"]
[BlackElo "1962"]
[PlyCount "77"]
[EventDate "2024.04.02"]
[EventType "swiss (blitz)"]
[EventRounds "11"]
[EventCountry "USA"]
[SourceTitle "CB15_2024"]
[SourceDate "2024.04.10"]
[SourceVersion "1"]
[SourceVersionDate "2024.04.10"]
[SourceQuality "1"]

1. e4 c6 2. d4 d5 3. Nc3 dxe4 4. Nxe4 Nf6 5. Nxf6+ exf6 6. Be2 Be7 7. Bf3 Bf5 8. Ne2 0-0 9. 0-0 Na6 10. c4 Nc7 11. Be3 Qd7 12. Nc3 Rfe8 13. Qb3 Ne6 14. Rfd1 Ng5 15. Be2 Ne4 16. d5 Nxc3 17. Qxc3 c5 18. a3 Bd6 19. Bf3 Rac8 20. Rac1 Bg4 21. Bxg4 Qxg4 22. b4 b6 23. bxc5 bxc5 24. Rb1 Re4 25. f3 Rxc4 26. Qd3 Qh4 27. h3 Ra4 28. Bf2 Qg5 29. Re1 c4 30. Qe4 h5 31. Rb7 c3 32. Qxa4 c2 33. Be3 Qg3 34. Rc1 Qh2+ 35. Kf1 Qh1+ 36. Kf2 Qh2 37. Qd7 Bg3+ 38. Kf1 Qh1+ 39. Bg1 1-0

[Event "Titled Tuesday intern op 02nd Apr Early"]
[Site "Chess.com INT"]
[Date "2024.04.02"]
[Round "5"]
[White "Rogov, Matfey"]
[Black "Dmitrenko, Viktor"]
[Result "1-0"]
[WhiteElo "2191"]
[BlackElo "2395"]
[PlyCount "37"]
[EventDate "2024.04.02"]
[EventType "swiss (blitz)"]
[EventRounds "11"]
[EventCountry "USA"]
[SourceTitle "CB15_2024"]
[SourceDate "2024.04.10"]
[SourceVersion "1"]
[SourceVersionDate "2024.04.10"]
[SourceQuality "1"]

1. e4 c5 2. a3 e6 3. b4 d5 4. e5 Nc6 5. Nf3 Qc7 6. d4 cxd4 7. Bf4 f6 8. Bb5 Nge7 9. Bg3 Qb6 10. Qe2 Bd7 11. exf6 gxf6 12. 0-0 0-0-0 13. c3 e5 14. Rc1 Bg4 15. a4 a6 16. cxd4 e4 17. Qe3 exf3 18. Qf4 h5 19. a5 1-0

[Event "Titled Tuesday intern op 02nd Apr Late"]
[Site "Chess.com INT"]
[Date "2024.04.02"]
[Round "5"]
[White "Yurtseven, Melih"]
[Black "Dmitrenko, Viktor"]
[Result "1-0"]
[WhiteElo "2333"]
[BlackElo "2395"]
[PlyCount "81"]
[EventDate "2024.04.02"]
[EventType "swiss (blitz)"]
[EventRounds "11"]
[EventCountry "USA"]
[SourceTitle "CB15_2024"]
[SourceDate "2024.04.10"]
[SourceVersion "1"]
[SourceVersionDate "2024.04.10"]
[SourceQuality "1"]

1. e3 g6 2. d4 Bg7 3. Nf3 c5 4. c3 cxd4 5. exd4 Nf6 6. Bc4 0-0 7. 0-0 d5 8. Bd3 Bf5 9. Bxf5 gxf5 10. Bf4 e6 11. Ne5 Nc6 12. Nd2 Ne7 13. Ndf3 Ng6 14. Bg5 Qc7 15. Bxf6 Bxf6 16. Re1 Kh8 17. Qd2 Rg8 18. Qh6 Rg7 19. Kh1 Rag8 20. g3 Qe7 21. Qd2 a6 22. a4 Nf8 23. a5 Nd7 24. Ra3 Bxe5 25. Nxe5 Nf6 26. f3 Nh5 27. Rb3 Qf6 28. Rxb7 Rxg3 29. Nxf7+ Qxf7 30. Rxf7 Rh3 31. Rg1 f4 32. Rxg8+ Kxg8 33. Rxf4 Ng3+ 34. Kg2 Rxh2+ 35. Kxh2 Nf1+ 36. Kh3 Nxd2 37. Rf6 Nc4 38. Rxe6 Nxa5 39. Rxa6 Nc4 40. b4 Kf7 41. b5 1-0

[Event "Titled Tuesday intern op 12th Mar Early"]
[Site "Chess.com INT"]
[Date "2024.03.12"]
[Round "1"]
[White "Dmitrenko, Viktor"]
[Black "Domin, Yan"]
[Result "0-1"]
[WhiteElo "2395"]
[BlackElo "2209"]
[PlyCount "94"]
[EventDate "2024.03.12"]
[EventType "swiss (blitz)"]
[EventRounds "11"]
[EventCountry "USA"]
[SourceTitle "CB12_2024"]
[SourceDate "2023.10.01"]
[SourceVersion "1"]
[SourceVersionDate "2023.10.01"]
[SourceQuality "1"]

1. e4 c5 2. Nf3 Nc6 3. Bb5 e6 4. 0-0 Nge7 5. Re1 a6 6. Bf1 Ng6 7. c3 Be7 8. d4 cxd4 9. cxd4 d5 10. e5 0-0 11. Nc3 Bd7 12. g3 Rc8 13. h4 h6 14. h5 Nh8 15. Bd3 f5 16. exf6 Bxf6 17. Bb1 Be8 18. Qd3 Bxh5 19. Qh7+ Kf7 20. Ne5+ Bxe5 21. dxe5 Bg6 22. Bxg6+ Nxg6 23. Bxh6 Rg8 24. Re3 Nd4 25. Rd1 Nf5 26. Rf3 Qf8 27. Nxd5 Re8 28. g4 Rh8 29. gxf5 Rxh7 30. fxg6+ Kxg6 31. Rxf8 Rxf8 32. Be3 exd5 33. Rxd5 Rh4 34. Rd6+ Kh7 35. Rd7 Re8 36. f4 b5 37. Rd6 Rh3 38. Bd4 Rd3 39. Bc3 Rxd6 40. exd6 Rd8 41. Be5 Kg6 42. Kf2 Kf7 43. Ke3 g6 44. Kf3 Ke6 45. Kg4 a5 46. Kg5 Kf7 47. Kg4 Rc8 0-1

[Event "Titled Tuesday intern op 12th Mar Early"]
[Site "Chess.com INT"]
[Date "2024.03.12"]
[Round "3"]
[White "Kashefi, Amir Hossein"]
[Black "Dmitrenko, Viktor"]
[Result "1-0"]
[WhiteElo "2193"]
[BlackElo "2395"]
[PlyCount "97"]
[EventDate "2024.03.12"]
[EventType "swiss (blitz)"]
[EventRounds "11"]
[EventCountry "USA"]
[SourceTitle "CB12_2024"]
[SourceDate "2023.10.01"]
[SourceVersion "1"]
[SourceVersionDate "2023.10.01"]
[SourceQuality "1"]

1. d4 d5 2. c4 e6 3. Nc3 c5 4. cxd5 exd5 5. Nf3 Nc6 6. e3 Nf6 7. Bb5 cxd4 8. Nxd4 Bd7 9. 0-0 Bd6 10. b3 0-0 11. Bb2 Re8 12. Bxc6 bxc6 13. Qc2 Bxh2+ 14. Kxh2 Ng4+ 15. Kg1 Qh4 16. Nf3 Qh5 17. Ne2 Bf5 18. Ng3 Bxc2 19. Nxh5 f6 20. Rac1 Be4 21. Ng3 Rac8 22. Bd4 a6 23. Nxe4 dxe4 24. Nh2 Nh6 25. Rc5 Re6 26. Rfc1 Nf7 27. Nf1 Nd8 28. Ra5 Ra8 29. Bc5 Nb7 30. Ra4 Re5 31. Bd4 Re6 32. Ng3 g6 33. Ne2 a5 34. Nf4 Rd6 35. Rac4 Rc8 36. Bc5 Rd2 37. a4 Rb2 38. Bd4 Rxb3 39. Rxc6 Rf8 40. Ne6 Re8 41. Nc5 Nd8 42. Rxf6 Rb4 43. Nd7 Ne6 44. Bc3 Rxa4 45. Ra1 Rxa1+ 46. Bxa1 a4 47. Bb2 a3 48. Bxa3 Kg7 49. Bb2 1-0

[Event "Titled Tuesday intern op 16th Jan Early"]
[Site "Chess.com INT"]
[Date "2024.01.16"]
[Round "4"]
[White "Biriukov, Ilja"]
[Black "Dmitrenko, Viktor"]
[Result "0-1"]
[WhiteElo "2311"]
[BlackElo "2395"]
[PlyCount "70"]
[EventDate "2024.01.16"]
[EventType "swiss (blitz)"]
[EventRounds "11"]
[EventCountry "USA"]
[SourceTitle "CB04_2024"]
[SourceDate "2023.10.16"]
[SourceVersion "1"]
[SourceVersionDate "2023.10.16"]
[SourceQuality "1"]

1. d4 e6 2. Nc3 d5 3. Bf4 a6 4. Qd2 c5 5. e3 cxd4 6. exd4 Nc6 7. 0-0-0 Nf6 8. f3 Bb4 9. a3 Be7 10. g4 b5 11. Nb1 b4 12. a4 Bd7 13. h4 b3 14. cxb3 Na5 15. Qe3 Qb6 16. Rd3 Rc8+ 17. Kd1 0-0 18. h5 Nxb3 19. Rxb3 Bxa4 20. Nd2 Bb4 21. g5 Bxd2 22. Kxd2 Bxb3 23. gxf6 Qb4+ 24. Qc3 Rxc3 25. bxc3 Qa3 26. Ne2 Qb2+ 27. Ke3 Rc8 28. Rg1 g6 29. hxg6 fxg6 30. Be5 Bd1 31. Bh3 Qxe2+ 32. Kf4 Qxf3+ 33. Kg5 Qxh3 34. f7+ Kxf7 35. Rf1+ Qxf1 0-1

[Event "Titled Tuesday intern op 16th Jan Early"]
[Site "Chess.com INT"]
[Date "2024.01.16"]
[Round "2"]
[White "Gutierrez Carmona, Juan Alejandro"]
[Black "Dmitrenko, Viktor"]
[Result "0-1"]
[WhiteElo "2095"]
[BlackElo "2395"]
[PlyCount "66"]
[EventDate "2024.01.16"]
[EventType "swiss (blitz)"]
[EventRounds "11"]
[EventCountry "USA"]
[SourceTitle "CB04_2024"]
[SourceDate "2023.10.16"]
[SourceVersion "1"]
[SourceVersionDate "2023.10.16"]
[SourceQuality "1"]

1. e4 e6 2. Qe2 d5 3. exd5 Qxd5 4. Nc3 Qd8 5. Nf3 Nf6 6. g3 c5 7. Ne5 Nbd7 8. Bg2 Qc7 9. Nc4 a6 10. a4 Nb6 11. Nxb6 Qxb6 12. a5 Qc7 13. 0-0 Bd6 14. d3 0-0 15. Bg5 Nd7 16. Ne4 Be5 17. c3 h6 18. Be3 f5 19. Nd2 f4 20. gxf4 Bxf4 21. Bxf4 Qxf4 22. Qxe6+ Kh8 23. Qe3 Ne5 24. d4 cxd4 25. cxd4 Ng6 26. Nc4 Qf6 27. f4 Nh4 28. Ne5 Bf5 29. Rac1 Rad8 30. Rfd1 Bc8 31. Rf1 Nf5 32. Qf2 Rxd4 33. Rc7 Rdd8 0-1

[Event "Titled Tuesday intern op 09th Jan Early"]
[Site "Chess.com INT"]
[Date "2024.01.09"]
[Round "3"]
[White "Antal, Gergely"]
[Black "Dmitrenko, Viktor"]
[Result "0-1"]
[WhiteElo "2585"]
[BlackElo "2395"]
[PlyCount "70"]
[EventDate "2024.01.09"]
[EventType "swiss (blitz)"]
[EventRounds "11"]
[EventCountry "USA"]
[SourceTitle "CB03_2024"]
[SourceDate "2024.01.17"]
[SourceVersion "1"]
[SourceVersionDate "2024.01.17"]
[SourceQuality "1"]

1. e4 e6 2. d4 d5 3. Nd2 Nf6 4. e5 Nfd7 5. Bd3 c5 6. c3 Nc6 7. Ne2 cxd4 8. cxd4 f6 9. exf6 Qxf6 10. 0-0 Bd6 11. Nf3 h6 12. Ng3 0-0 13. Nh5 Qf7 14. Nh4 Ne7 15. Bc2 e5 16. dxe5 Nxe5 17. Nf4 g5 18. Nxd5 Nxd5 19. Bb3 Be6 20. f4 gxh4 21. f5 Bc5+ 22. Kh1 h3 23. Bxh6 Ne3 24. Bxe3 hxg2+ 25. Kxg2 Bxb3 26. axb3 Bxe3 27. Ra4 Rad8 28. Qe1 Qd5+ 29. Kh3 Kf7 30. Qxe3 Rh8+ 31. Rh4 Rxh4+ 32. Kxh4 Rh8+ 33. Kg3 Rg8+ 34. Kh4 Qg2 35. Rf4 Rh8# 0-1

[Event "Titled Tuesday intern op 09th Jan Early"]
[Site "Chess.com INT"]
[Date "2024.01.09"]
[Round "1"]
[White "Dmitrenko, Viktor"]
[Black "Rustemov, Alexander"]
[Result "0-1"]
[WhiteElo "2395"]
[BlackElo "2525"]
[PlyCount "64"]
[EventDate "2024.01.09"]
[EventType "swiss (blitz)"]
[EventRounds "11"]
[EventCountry "USA"]
[SourceTitle "CB03_2024"]
[SourceDate "2024.01.17"]
[SourceVersion "1"]
[SourceVersionDate "2024.01.17"]
[SourceQuality "1"]

1. d4 d5 2. Nf3 Nf6 3. c4 c6 4. Qc2 dxc4 5. e4 b5 6. b3 cxb3 7. axb3 e6 8. Bd2 a5 9. Bd3 Be7 10. 0-0 Bb7 11. Nc3 Na6 12. e5 Nb4 13. Qb1 Nfd5 14. Nxd5 Qxd5 15. Be4 Qd7 16. Rc1 h6 17. h4 0-0 18. h5 Rfc8 19. Be3 Nd5 20. Qd3 a4 21. bxa4 Rxa4 22. Rxa4 bxa4 23. Bd2 a3 24. Rb1 Ra8 25. Ra1 Ba6 26. Qc2 Bb5 27. Qb3 Qa7 28. Bb1 Qa4 29. Qa2 Bc4 30. Qc2 Qxc2 31. Bxc2 a2 32. Ne1 Bb4 0-1

[Event "Titled Tuesday intern op 12th Dec Early"]
[Site "Chess.com INT"]
[Date "2023.12.12"]
[Round "1"]
[White "Dmitrenko, Viktor"]
[Black "Lagarde, Maxime"]
[Result "0-1"]
[WhiteElo "2395"]
[BlackElo "2640"]
[PlyCount "70"]
[EventDate "2023.12.12"]
[EventType "swiss (blitz)"]
[EventRounds "11"]
[EventCountry "USA"]
[SourceTitle "CB51_2023"]
[SourceDate "2023.12.20"]
[SourceVersion "1"]
[SourceVersionDate "2023.12.20"]
[SourceQuality "1"]

1. d4 Nc6 2. Nf3 d6 3. e4 Nf6 4. Nc3 g6 5. h3 Bg7 6. Bg5 h6 7. Be3 a6 8. Qd2 b5 9. a3 Bb7 10. Bd3 e5 11. d5 Ne7 12. a4 b4 13. Ne2 a5 14. c3 c5 15. Bb5+ Kf8 16. Ng3 Kg8 17. 0-0 g5 18. cxb4 axb4 19. Nxe5 dxe5 20. Bxc5 Ng6 21. Bxb4 Bf8 22. Rfe1 Nf4 23. Nf5 Bc8 24. Ng3 h5 25. Bc3 Bd6 26. Bc6 Ra7 27. b4 h4 28. Nf1 g4 29. hxg4 Bxg4 30. Nh2 Bc8 31. b5 Rh7 32. a5 Rg7 33. Kh1 Nxg2 34. Rg1 Nxe4 35. Qd3 Nxf2# 0-1

[Event "Titled Tuesday intern op 12th Dec Early"]
[Site "Chess.com INT"]
[Date "2023.12.12"]
[Round "5"]
[White "Dmitrenko, Viktor"]
[Black "Shubenkova, Veronika"]
[Result "1-0"]
[WhiteElo "2395"]
[BlackElo "2007"]
[PlyCount "77"]
[EventDate "2023.12.12"]
[EventType "swiss (blitz)"]
[EventRounds "11"]
[EventCountry "USA"]
[SourceTitle "CB51_2023"]
[SourceDate "2023.12.20"]
[SourceVersion "1"]
[SourceVersionDate "2023.12.20"]
[SourceQuality "1"]

1. Nf3 d5 2. d4 e6 3. c4 f5 4. Nc3 Nf6 5. Bg5 c6 6. cxd5 exd5 7. e3 Be7 8. Bxf6 Bxf6 9. Bd3 0-0 10. Qc2 Be7 11. 0-0 Bd6 12. g3 Qe7 13. a3 Be6 14. b4 a6 15. Na4 Nd7 16. Nc5 Nxc5 17. bxc5 Bc7 18. Rab1 Ra7 19. Kg2 g5 20. h4 gxh4 21. Nxh4 Qg5 22. f4 Qf6 23. Rh1 Rf7 24. Nf3 Rg7 25. Kf2 Ba5 26. Ne5 Ra8 27. Rh5 Rf8 28. Rbh1 Bc7 29. g4 Bxe5 30. dxe5 Qg6 31. Rg5 Qe8 32. Rxg7+ Kxg7 33. gxf5 Bc8 34. f6+ Kf7 35. Rxh7+ Kg8 36. Bg6 Qe6 37. Qe2 d4 38. Rg7+ Kh8 39. Qh5# 1-0